Revenge of the Remakes Quiz Stats

Quiz Updated Aug 26, 2017

Challenge
Share
Tweet
Embed
Score 0/30 Timer 10:00
12 Plays Today
Original Star Film % Correct
Christopher Reeve (1978)Superman/Man of Steel
94.7%
Ralph Macchio (1984)The Karate Kid
92.3%
Tobey Maguire (2002)Spider-Man/The Amazing Spider-Man
91.1%
Michael Keaton (1989)Batman/Batman Begins
90.1%
Gene Wilder (1971)Willy Wonka and the Chocolate Factory/Charlie and the Chocolate Factory
85.5%
William Shatner (1979)Star Trek: The Motion Picture/Star Trek
80.5%
Frank Sinatra (1960)Ocean's 11/Ocean's Eleven
75.1%
Bela Lugosi (1931)Dracula
67.9%
Hayley Mills (1961)The Parent Trap
65.7%
David Hedison (1958)The Fly
63.6%
Sissy Spacek (1976)Carrie
61.9%
Paige O'Hara (1991)Beauty and the Beast
60%
Charlton Heston (1968)Planet of the Apes
56.9%
Robert Englund (1984)A Nightmare on Elm Street
56.9%
Anthony Perkins (1960)Psycho
56.3%
Original Star Film % Correct
Paul Muni (1932)Scarface
55.2%
Arnold Schwarzenegger (1990)Total Recall
54.7%
Peter Weller (1987)RoboCop
39.8%
Fred MacMurray (1961)The Absent-Minded Professor/Flubber
39.6%
Vincent Price (1964)The Last Man on Earth/I Am Legend
38%
Gene Wilder (1967)The Producers
37.6%
Nanako Matsushima (1998)Ringu/The Ring
37%
Harry Hamlin (1981)Clash of the Titans
35.3%
Kathryn Beaumont (1951)Alice in Wonderland
34.6%
Tony Leung Chiu-wai (2002)Infernal Affairs/The Departed
31%
Patrick Swayze (1984)Red Dawn
29%
Aileen Quinn (1982)Annie
27.8%
Michael Rennie (1951)The Day the Earth Stood Still
23.9%
Steve McQueen (1958)The Blob
10.2%
Nick Castle (1978)Halloween
6.5%

You're not logged in!

Compare scores with friends on all Sporcle quizzes.
Join for Free
OR
Log In

You Might Also Like...

Show Comments

Extras

Top Quizzes Today


Score Distribution

Your Account Isn't Verified!

In order to create a playlist on Sporcle, you need to verify the email address you used during registration. Go to your Sporcle Settings to finish the process.

Report this User

Report this user for behavior that violates our Community Guidelines.

Details: